000
00285nam a22001097a 4500
008
170126b xxu||||| |||| 00| 0 eng d
020
_a
9780827379985
041
_a
eng
080
_2
3RD
_a
61
245
_a
BASIC CLINICAL LAB COMPETENCIES FOR RESPIRATORY CARE
_c
WHITE, C.C
942
_2
udc
_c
BK
999
_c
3763
_d
3763